| 000 | 00847cam a2200217 4500 | ||
|---|---|---|---|
| 001 | ABS65430 | ||
| 008 | 020501n2002 000 0 eng u | ||
| 035 | _a(Sirsi) u117791 | ||
| 100 | _aAmbrose, J | ||
| 245 | _aHeathrow:anything terminal? | ||
| 260 | _c2002 | ||
| 490 |
_aCSM _bChartered Surveyor Monthly _vApril 2002, 18-19(2) |
||
| 520 | _aExamines issues raised by decision to build new Heathrow terminal. Suggests that proposals contained in recent Green Paper may have helped shorten lengthy planning enquiry. Recent announcement of plans to development new runway have also added to debate on these issues. Tables. | ||
| 590 | _aABS | ||
| 650 | _aHEATHROW TERMINAL 5 | ||
| 650 | _aAIRPORTS | ||
| 650 | _aENQUIRIES | ||
| 650 | _aGREEN PAPER | ||
| 690 | _aENVIRONMENTAL AND LAND CONSULTANCY-PLANNING AND DEVELOPMENT | ||
| 942 | _n0 | ||
| 999 |
_c70141 _d70141 |
||